| 000 | 00402cam a22001337a 4500 | ||
|---|---|---|---|
| 008 | 180718b2009 xxu||||| |||| 00| 0 eng d | ||
| 020 | _a8131602540 | ||
| 082 | _aBA27x54 R18d | ||
| 245 |
_aDividing dalits: writings on sub-categorisation of scheduled castes _cedited by Yagati Chinna Rao |
||
| 260 |
_aJaipur _bRawat _c2009 |
||
| 300 | _a377p. | ||
| 650 | _aDalits --India | ||
| 700 | _aRao, Yagati Chinna | ||
| 999 |
_c440760 _d440760 |
||